La colonización antioqueña en el occidente de Colombia (Registro nro. 32620)
[ vista simple ]
| 000 -ENCABEZADO | |
|---|---|
| Número de control [NR] | 01019nam a2200277Ia 4500 |
| 008 - DE LONGITUD FIJA DE DATOS DE ELEMENTOS - INFORMACIÓN GENERAL | |
| Elementos de longitud fija [NR] | 130821s1979 ck gr spa |
| 020 ## - NUMERO INTERNACIONAL NORMALIZADO PARA LIBROS [R] | |
| Número Internacional Normalizado del libro [NR] | 8482770144 |
| 040 ## - FUENTE DE CATALOGACION [NR] | |
| Agencia de catalogación original [NR] | Co-BoUCM |
| Idioma de catalogación [NR] | spa |
| 041 00 - CODIGO DE IDIOMA [R] | |
| Código de idioma para texto/pista de sonido o título separado [R] | Español |
| 100 ## - ASIENTO PRINCIPAL--NOMBRE PERSONAL [NR] | |
| Nombre personal [NR] | Parsons, James Jerome |
| ID Autoridad | 158334 |
| 245 03 - MENCION DE TITULO [NR] | |
| Título [NR] | La colonización antioqueña en el occidente de Colombia |
| Mención de responsabilidad, etc. [NR] | James J. Parsons; traducido por Emilio Robledo |
| 250 ## - MENCION DE EDICION [NR] | |
| Mención de edición [NR] | 3a. ed. |
| 260 ## - PUBLICACION, DISTRIBUCION, ETC. (PIE DE IMPRENTA) [R] | |
| Lugar de publicación, distribución, etc. [R] | Bogotá (Colombia) |
| Nombre del editor, distribuidor, etc. [R] | Carlos Valencia |
| Fecha de publicación, distribución, etc. [R] | 1979 |
| 300 ## - DESCRIPCION FISICA [R] | |
| Extensión [R] | 241 páginas |
| 650 04 - ASIENTO SECUNDARIO DE MATERIA - TERMINO TEMATICO [R] | |
| Término temático o nombre geográfico como elemento de entrada [NR] | Agricultura |
| Subdivisión geográfica [R] | Antioquia (Colombia) |
| 9 (RLIN) | 8729 |
| 650 04 - ASIENTO SECUNDARIO DE MATERIA - TERMINO TEMATICO [R] | |
| Término temático o nombre geográfico como elemento de entrada [NR] | Colonización |
| Subdivisión geográfica [R] | Antioquia(Colombia) |
| 9 (RLIN) | 158335 |
| 650 04 - ASIENTO SECUNDARIO DE MATERIA - TERMINO TEMATICO [R] | |
| Término temático o nombre geográfico como elemento de entrada [NR] | Geografía |
| 9 (RLIN) | 16335 |
| 650 04 - ASIENTO SECUNDARIO DE MATERIA - TERMINO TEMATICO [R] | |
| Término temático o nombre geográfico como elemento de entrada [NR] | Historia |
| 9 (RLIN) | 7695 |
| 650 04 - ASIENTO SECUNDARIO DE MATERIA - TERMINO TEMATICO [R] | |
| Término temático o nombre geográfico como elemento de entrada [NR] | Transporte |
| Subdivisión geográfica [R] | Antioquia (Colombia) |
| 9 (RLIN) | 25709 |
| 651 ## - ASIENTO SECUNDARIO DE MATERIA - NOMBRE GEOGRAFICO [R] | |
| Nombre geográfico [NR] | Antioquia (Colombia) |
| Subdivisión general [R] | Descripciones y viajes |
| 9 (RLIN) | 26572 |
| 651 ## - ASIENTO SECUNDARIO DE MATERIA - NOMBRE GEOGRAFICO [R] | |
| Nombre geográfico [NR] | Colombia |
| 9 (RLIN) | 26889 |
| 700 ## - ASIENTO SECUNDARIO - NOMBRE PERSONAL [R] | |
| Nombre personal [NR] | Robledo, Emilio;Trad |
| 9 (RLIN) | 158164 |
| 765 ## - ASIENTO DE IDIOMA ORIGINAL [R] | |
| Título [NR] | Antioqueño colonization in western Colombia |
| 942 ## - ELEMENTOS DE ENTRADA AGREGADOS (KOHA) | |
| Tipo de ítem principal el descrito en 300a | Libro |
| Tema principal | Filosofía |
| Edición | 3 |
| Parte restante de la signatura top. | P267C |
| Sistema de clasificación | DEWEY |
| Clasificación | 911.86126 |
| Fecha de último préstamo | Total préstamos | Total Renewals | Signatura topográfica | Código de barras | Última vez visto | Volúmen / Fascículo | Ejemplar | Price effective from | Tipo de ítem | Perdido | Sistema de clasificación | Dañado | No prestable | Tipo de ítem específico | Suprimido | Ubicación habitual | Ubicación actual | Localización | Fecha de creación | Forma de adquisición | Costo |
|---|---|---|---|---|---|---|---|---|---|---|---|---|---|---|---|---|---|---|---|---|---|
| 30/08/2021 | 18 | 6 | 911.86126 P267C | 100059160 | 09/12/2025 | 3A. ED | Ej.1 | 03/02/2013 | Libro | DEWEY | Libro | Claustro | Claustro | 2do piso | 28/02/2003 | Donación | 10000.00 |